[Event "Montreal Pere Noel U1800"]
[Site "Montreal"]
[Date "2013.12.26"]
[Round "1"]
[White "Lesperance, Pierre"]
[Black "Johnson Constantin, Matthieu"]
[Result "1/2-1/2"]
[WhiteElo "1441"]
[BlackElo "1633"]
[PlyCount "78"]
[EventDate "2013.12.26"]
[EventType "swiss"]
[EventRounds "5"]
[EventCountry "CAN"]
[SourceTitle "EXT 2022"]
[Source "ChessBase"]
[SourceDate "2021.10.06"]
[SourceVersion "1"]
[SourceVersionDate "2021.10.06"]
[SourceQuality "1"]

1. d4 Nf6 2. c4 g6 3. g3 Bg7 4. Bg2 0-0 5. e4 d6 6. Nc3 e5 7. d5 Nbd7 8. f3 a5 9. Be3 Nh5 10. Nge2 f5 11. 0-0 f4 12. Bd2 Nc5 13. g4 Nf6 14. Be1 h5 15. g5 Nfd7 16. h4 Nb6 17. b3 c6 18. Bf2 cxd5 19. Nxd5 Nxd5 20. cxd5 Nxe4 21. fxe4 f3 22. Bh1 fxe2 23. Qxe2 Bg4 24. Qb5 Rf7 25. Bb6 Qd7 26. Qxd7 Bxd7 27. Bc7 Bf8 28. Rxf7 Kxf7 29. Rf1+ Kg7 30. Rf6 Be7 31. Rf2 a4 32. b4 Rc8 33. Bb6 Rc4 34. a3 Rc3 35. Rf3 Rb3 36. Kf2 Bg4 37. Re3 Rb2+ 38. Kg3 Kf7 39. Bf3 Bd7 1/2-1/2